La relación cognoscitiva ; El proceso de conocimiento ; La verdad / (Record no. 51377)

MARC details
000 -CABECERA
campo de control de longitud fija 00968nam a2200229 a 4500
005 - FECHA Y HORA DE LA ÚLTIMA TRANSACCIÓN
campo de control 20221019063632.0
008 - ELEMENTOS DE LONGITUD FIJA--INFORMACIÓN GENERAL
campo de control de longitud fija 991125 000 0 spa u
035 ## - NÚMERO DE CONTROL DEL SISTEMA
Número de control de sistema UPN01000051377
049 ## - COLECCIÓN
Colección CG
050 #4 - SIGNATURA TOPOGRÁFICA DE LA BIBLIOTECA DEL CONGRESO
Número de clasificación D16.8
-- S3.3801
100 1# - ASIENTO PRINCIPAL--NOMBRE PERSONAL
Nombre de persona Schaff, Adam,
Fechas asociadas al nombre 1913-2006
9 (RLIN) 29973
245 13 - MENCIÓN DE TÍTULO
Título La relación cognoscitiva ; El proceso de conocimiento ; La verdad /
Mención de responsabilidad, etc. Adam Schaff.
300 ## - DESCRIPCIÓN FÍSICA
Extensión p. 73-105.
520 ## - NOTA DE RESUMEN, ETC.
Sumario, etc. En: Historia y verdad : ensayo sobre la objetividad del conocimiento histórico / Adam Schaff ; tr. Ignasi Vidal Sanfeliu. -- México : Grijalbo, 1974
500 ## - NOTA GENERAL
Nota general Título de la cubierta: Fundamentos del conocimiento científico : lectura no. 1
500 ## - NOTA GENERAL
Nota general A la cabeza de la cubierta: Universidad Pedagógica Nacional. Area de Investigación. Maestrías
520 ## - NOTA DE RESUMEN, ETC.
Sumario, etc. Fotocopias
650 #2 - ASIENTO SECUNDARIO DE MATERIA - TERMINO TEMATICO
Término de materia o nombre geográfico como elemento de entrada Investigación histórica
9 (RLIN) 8207
710 2# - ASIENTO SECUNDARIO - NOMBRE CORPORATIVO
Nombre de entidad corporativa o nombre de jurisdicción como elemento de entrada Universidad Pedagógica Nacional (México)
740 2# - ASIENTO SECUNDARIO - TÍTULOS RELACIONADOS /ANALITICOS NO CONTROLADOS
Título relacionado o analítico no controlado El proceso de conocimiento
905 ## - TIPO DE MATERIAL
Tipo de material Libro
Holdings
Estado de retiro Estado de pérdida Fuente del sistema de clasificación o colocación Estado dañado No para préstamo Código de colección Localización permanente Ubicación/localización actual Ubicación en estantería Enumeración/cronología de publicación seriada Total de préstamos Clasificación Código de barras Fecha visto por última vez Número de copia Tipo de ítem Koha Fecha de adquisición
    Library of Congress Classification     Colección General Bib. Gregorio Torres Quintero Bib. Gregorio Torres Quintero Planta baja ej.5 -   D16.8 S3.3801 59201 31/12/2020 1 Libro  
    Library of Congress Classification     Colección General Bib. Gregorio Torres Quintero Bib. Gregorio Torres Quintero Planta baja ej.6 -   D16.8 S3.3801 59202 31/12/2020 1 Libro  
    Library of Congress Classification     Colección General Bib. Gregorio Torres Quintero Bib. Gregorio Torres Quintero Planta baja ej.10 -   D16.8 S3.3801 59206 31/12/2020 1 Libro  
    Library of Congress Classification     Colección General Bib. Gregorio Torres Quintero Bib. Gregorio Torres Quintero Planta baja ej.4 -   D16.8 S3.3801 59200 31/12/2020 1 Libro  
    Library of Congress Classification     Colección General Bib. Gregorio Torres Quintero Bib. Gregorio Torres Quintero Planta baja ej.3 -   D16.8 S3.3801 59199 31/12/2020 1 Libro  
    Library of Congress Classification     Colección General Bib. Gregorio Torres Quintero Bib. Gregorio Torres Quintero Planta baja ej.2 -   D16.8 S3.3801 59198 31/12/2020 1 Libro 09/05/2023
    Library of Congress Classification     Colección General Bib. Gregorio Torres Quintero Bib. Gregorio Torres Quintero Planta baja -   D16.8 S3.3801 59197 31/12/2020 1 Libro 09/05/2023
    Library of Congress Classification     Colección General Bib. Gregorio Torres Quintero Bib. Gregorio Torres Quintero Planta baja ej.8 -   D16.8 S3.3801 59204 31/12/2020 1 Libro  
    Library of Congress Classification     Colección General Bib. Gregorio Torres Quintero Bib. Gregorio Torres Quintero Planta baja ej.9 -   D16.8 S3.3801 59205 31/12/2020 1 Libro  
    Library of Congress Classification     Colección General Bib. Gregorio Torres Quintero Bib. Gregorio Torres Quintero Planta baja ej.7 -   D16.8 S3.3801 59203 31/12/2020 1 Libro